000 00884nam a2200313 i 4500
001 1792239
003 OSt
005 20140310182659.0
008 790213s1978 cou b 000 0 eng
010 _a 78018109
020 _a089109430X
_c$2.25
040 _aDLC
_cDLC
_dDLC
050 0 0 _aBT 767
_b.B851 1978
082 0 0 _aM 248.4
_bB76 1978
100 1 _aBridges, Jerry.
245 1 4 _aThe pursuit of holiness
_cBridges, Jerry
250 _a25th Anniversary ed.
260 _aColorado Springs
_bNavpress
_cc1978
300 _a158 p.
_c18 cm.
490 0 _aA Navigator book
504 _aIncludes bibliographical references.
521 _aCollege student
526 _c1210L to 1700L
541 _j1
562 _efor circulation : 1 copy in the collection
650 0 _aHoliness.
906 _a7
_bcbc
_corignew
_d2
_eocip
_f19
_gy-gencatlg
942 _2lcc
_cBK
_kM
999 _c15154
_d15154